Vývoj výkonnosti ekonomiky SR od roku 1993 do roku 2004
Zmena v smerovaní Slovenskej republiky a úsilie o zapojenie sa do západoeurópskych štruktúr. Analýza makroekonomických ukazovateľov Slovenskej republiky. Oblasť ekonomickej dynamiky a tempo reálneho rastu HDP. Vývoj efektívnosti investícií do fixného kapitálu. Tempo makroekonomickej produktivity prá...
Na minha lista:
| Autor principal: | |
|---|---|
| Formato: | Capítulo de Livro |
| Idioma: | eslovaco |
| Assuntos: | |
| Tags: |
Sem tags, seja o primeiro a adicionar uma tag!
|
MARC
| LEADER | 00000nla$a2200000$$$4500 | ||
|---|---|---|---|
| 001 | 0053987 | ||
| 005 | 20240502071626.7 | ||
| 041 | 0 | |a slo | |
| 044 | |a SK | ||
| 245 | 1 | 0 | |a Vývoj výkonnosti ekonomiky SR od roku 1993 do roku 2004 |c Marcel Novák |
| 520 | |a Zmena v smerovaní Slovenskej republiky a úsilie o zapojenie sa do západoeurópskych štruktúr. Analýza makroekonomických ukazovateľov Slovenskej republiky. Oblasť ekonomickej dynamiky a tempo reálneho rastu HDP. Vývoj efektívnosti investícií do fixného kapitálu. Tempo makroekonomickej produktivity práce. Vývoj tempa jednotlivých nákladov práce. Tempo reálneho domáceho dopytu. Nepriaznivý vývoj reálnej tvorby hrubého fixného kapitálu. Vývoj tempa reálneho vývozu tovarov a služieb. | ||
| 610 | 2 | 0 | |a vývoj hospodársky |
| 610 | 2 | 0 | |a výkonnosť ekonomiky |
| 610 | 2 | 0 | |a ukazovatele makroekonomické |
| 610 | 2 | 0 | |a produkt domáci hrubý |
| 610 | 2 | 0 | |a kapitál fixný |
| 610 | 2 | 0 | |a investície |
| 610 | 2 | 0 | |a náklady práce |
| 610 | 2 | 0 | |a služby |
| 610 | 2 | 0 | |a tovar |
| 610 | 2 | 0 | |a vývoz |
| 610 | 2 | 0 | |a Slovensko |
| 100 | 1 | |a Novák, Marcel, 1979- | |